Irrigation Engineering and Hydraulic Structure (Record no. 5233)

MARC details
000 -LEADER
fixed length control field 00392nam a22001577a 4500
005 - DATE AND TIME OF LATEST TRANSACTION
control field 20160914171505.0
008 - FIXED-LENGTH DATA ELEMENTS--GENERAL INFORMATION
fixed length control field 160914b xxu||||| |||| 00| 0 eng d
020 ## - INTERNATIONAL STANDARD BOOK NUMBER
ISBN 81-7409-047-9
041 ## - LANGUAGE CODE
Language code of text/sound track or separate title eng
100 ## - MAIN ENTRY--AUTHOR NAME
Personal name Garg,Santosh Kumar
245 ## - TITLE STATEMENT
Title Irrigation Engineering and Hydraulic Structure
260 ## - PUBLICATION, DISTRIBUTION, ETC. (IMPRINT)
Name of publisher 2016
Year of publication Khanna
300 ## - PHYSICAL DESCRIPTION
Number of Pages 1274
650 ## - SUBJECT ADDED ENTRY--TOPICAL TERM
Topical Term Engineering
942 ## - ADDED ENTRY ELEMENTS (KOHA)
Koha item type Books
Holdings
Lost status Damaged status Collection code Home library Current library Shelving location Date acquired Source of acquisition Cost, normal purchase price Accession Number Koha item type
    Reference JRU Library   SHELF-30-A 14/09/2016 PURCHASE 495.00 21188 Books
      JRU Library   SHELF-43-D 14/09/2016 PURCHASE 495.00 21189 Books
      JRU Library   SHELF-43-D 29/03/2017 PURCHASE 515.00 21543 Books
      JRU Library   SHELF-43-D 29/03/2017 PURCHASE 515.00 21544 Books